00649cam a22002291 4500001001300000003000400013005001700017008004100034010001700075035002000092040001800112043001200130050001700142100003400159245005100193260001000244300002700254500001300281500003000294650004300324650005200367sa 65007792 DLC20260227112151.0900205s1963 pk a f 000 0 urdr  asa 65007792  a(OCoLC)21003479 aDLCcWaUdDLC aa-pk---00aS517.P17bG51 aGill, Muhammad Shaffi,d1915-10aZaraʻī hidāyāt barʼ̄e Lahaur rījan. c1963. a216 p.billus.c24 cm. aIn Urdu. aText partially vocalized. 0aAgriculturezPakistanzLahore (Tahsil) 0aAgriculturezPakistanxHandbooks, manuals, etc.